Southville International School and Colleges
Your cart is empty.
  • Cart
  • Lists
    Public lists Eva Luna New books Lux_list list_1
    Your lists Log in to create your own lists
  • Log in to your account
  • Your cookies
  • Search history
Southville International School and Colleges
  • Advanced search
  • Recent comments
  • Most popular
  • Libraries

Log in to your account

Log in with GOOGLE


If you do not have an external account, but do have a local account, you can still log in:

  1. Home
  2. MARC view: The Egyptian news /
Normal view MARC view ISBD view

The Egyptian news / (Record no. 47526)

[ view plain ]
MARC details
000 -LEADER
fixed length control field 01068cam a2200325 a 4500
001 - CONTROL NUMBER
control field 11966458
003 - CONTROL NUMBER IDENTIFIER
control field OSt
005 - DATE AND TIME OF LATEST TRANSACTION
control field 20140320104313.0
008 - FIXED-LENGTH DATA ELEMENTS--GENERAL INFORMATION
fixed length control field 000406r20001997wiuab c b 001 0 eng
010 ## - LIBRARY OF CONGRESS CONTROL NUMBER
LC control number 00039512
020 ## - INTERNATIONAL STANDARD BOOK NUMBER
International Standard Book Number 0590266179
040 ## - CATALOGING SOURCE
Original cataloging agency DLC
Transcribing agency DLC
Modifying agency DLC
042 ## - AUTHENTICATION CODE
Authentication code lcac
043 ## - GEOGRAPHIC AREA CODE
Geographic area code f-ua---
050 00 - LIBRARY OF CONGRESS CALL NUMBER
Classification number DT 61
Item number .St8653 1997
100 1# - MAIN ENTRY--PERSONAL NAME
Personal name Steedman, Scott.
9 (RLIN) 29924
245 14 - TITLE STATEMENT
Title The Egyptian news /
Statement of responsibility, etc Scott Steedman.
260 ## - PUBLICATION, DISTRIBUTION, ETC. (IMPRINT)
Place of publication, distribution, etc New York, NY:
Name of publisher, distributor, etc Scholastic Inc.,
Date of publication, distribution, etc 1997.
300 ## - PHYSICAL DESCRIPTION
Extent 32 p. :
Other physical details col. ill., col. maps ;
Dimensions 30 cm.
490 1# - SERIES STATEMENT
Series statement History news
521 ## - TARGET AUDIENCE NOTE
Target audience note
526 ## - STUDY PROGRAM INFORMATION NOTE
Reading level 1000
651 #0 - SUBJECT ADDED ENTRY--GEOGRAPHIC NAME
Geographic name Egypt
General subdivision Civilization
Chronological subdivision To 332 B.C.
Form subdivision Juvenile literature.
9 (RLIN) 29925
651 #1 - SUBJECT ADDED ENTRY--GEOGRAPHIC NAME
Geographic name Egypt
General subdivision Civilization
Chronological subdivision To 332 B.C.
9 (RLIN) 29926
830 #0 - SERIES ADDED ENTRY--UNIFORM TITLE
Uniform title History news (Milwaukee, Wis.)
9 (RLIN) 29927
906 ## - LOCAL DATA ELEMENT F, LDF (RLIN)
a 7
b cbc
c orignew
d 1
e ocip
f 20
g y-gencatlg
942 ## - ADDED ENTRY ELEMENTS (KOHA)
Source of classification or shelving scheme Library of Congress Classification
Koha item type Books
Holdings
Withdrawn status Lost status Source of classification or shelving scheme Damaged status Home library Current library Shelving location Date acquired Total Checkouts Full call number Barcode Date last seen Copy number Price effective from Koha item type
    Library of Congress Classification   Munich Library Munich Library Scholastic Reading Center Section 03/20/2014   DT 61 .St8653 1997 MS0986 03/20/2014 1 03/20/2014 Books

The Egyptian news /

APA

Steedman S., . (1997). The Egyptian news. New York, NY: Scholastic Inc.

Chicago

Steedman Scott, . 1997. The Egyptian news. New York, NY: Scholastic Inc.

Harvard

Steedman S., . (1997). The Egyptian news. New York, NY: Scholastic Inc.

MLA

Steedman Scott, . The Egyptian news. New York, NY: Scholastic Inc. 1997.

  • Place hold
  • Print
  • Cite
  • Add to your cart (remove)
  • Save record
    BIBTEX Dublin Core MARCXML MARC (non-Unicode/MARC-8) MARC (Unicode/UTF-8) MARC (Unicode/UTF-8, Standard) MODS (XML) RIS
  • More searches
    Search for this title in:
    Other Libraries (WorldCat) Other Databases (Google Scholar) Online Stores (Bookfinder.com) Open Library (openlibrary.org)

Exporting to Dublin Core...

SOUTHVILLE LIBRARY

Southville International School and Colleges Library

1281 Tropical Ave. Cor. Luxembourg St., BF Homes International, Las Pinas City

Tel. No. 8256374 / 252358 Loc. 117/146

Powered by Koha